ბათუმის შოთა რუსთაველის სახელმწიფო უნივერსიტეტის ბიბლიოთეკა

Welcome to Hell: Letters and Writings from Death Row (ბიბ.ჩანაწერი № 47590)

000 -LEADER
fixed length control field 00607nam a2200205Ia 4500
001 - CONTROL NUMBER
control field 14457
003 - CONTROL NUMBER IDENTIFIER
control field GE_BSU
008 - FIXED-LENGTH DATA ELEMENTS--GENERAL INFORMATION
fixed length control field 181216s||||||||xx |||||||||||||| ||und||
020 ## - INTERNATIONAL STANDARD BOOK NUMBER
International Standard Book Number 1555532896
040 ## - CATALOGING SOURCE
Transcribing agency GE_BSU
080 ## - UNIVERSAL DECIMAL CLASSIFICATION NUMBER
Universal Decimal Classification number 34
245 ## - TITLE STATEMENT
Title Welcome to Hell: Letters and Writings from Death Row
245 ## - TITLE STATEMENT
Statement of responsibility, etc. Complited and edited by Jan Arriens. Foreword by Sisyter Helen Prejean preface by Clive Stafford Smith
260 ## - PUBLICATION, DISTRIBUTION, ETC.
Place of publication, distribution, etc. Boston
260 ## - PUBLICATION, DISTRIBUTION, ETC.
Name of publisher, distributor, etc. Northeastern University Press
260 ## - PUBLICATION, DISTRIBUTION, ETC.
Date of publication, distribution, etc. 1997
300 ## - PHYSICAL DESCRIPTION
Extent 255p.23cm.
653 ## - INDEX TERM--UNCONTROLLED
Uncontrolled term Welcome to Hell: Letters and Writings from Death Row
942 ## - ADDED ENTRY ELEMENTS (KOHA)
Koha item type წიგნი
ეგზემპლარები
Withdrawn status Lost status Damaged status Not for loan Date acquired Barcode Date last seen Price effective from Koha item type
        2018-12-17 37197 2018-12-17 2018-12-17 წიგნი